Library Banner

Haqooq e insani report 2004/ (Record no. 102664)

MARC details
000 -LEADER
fixed length control field 00359nam a22001337a 4500
005 - DATE AND TIME OF LATEST TRANSACTION
control field 20180206131037.0
008 - FIXED-LENGTH DATA ELEMENTS--GENERAL INFORMATION
fixed length control field 180206b xxu||||| |||| 00| 0 eng d
040 ## - CATALOGING SOURCE
Transcribing agency PK-LaUMT
082 ## - DEWEY DECIMAL CLASSIFICATION NUMBER
Classification number PKAC 323.095491
Item number HAQ-
245 ## - TITLE STATEMENT
Title Haqooq e insani report 2004/
260 ## - PUBLICATION, DISTRIBUTION, ETC. (IMPRINT)
Place of publication, distribution, etc کراچی:
Name of publisher, distributor, etc ہیومن رایٹس نیٹ ورک،
Date of publication, distribution, etc 2004
300 ## - PHYSICAL DESCRIPTION
Extent 159
942 ## - ADDED ENTRY ELEMENTS (KOHA)
Koha item type Books
Holdings
Withdrawn status Lost status Damaged status Home library Current library Date acquired Full call number Barcode Date last seen Price effective from Koha item type
      UMT Main Campus UMT Main Campus 2018-02-06 PKAC 323.095491 HAQ- 118600 2018-02-06 2018-02-06 Books